000 00744nam a2200205 i 4500
001 130129
003 ES-MaACL
005 20231027063022.0
007 t|
008 070719s1931 fr ||||1| fre d
100 1 _aZweig, Stefan,
_d1881-1942
_9118562
245 1 3 _aLe combat avec le démon
_b: Frédéric Nietzsche (1844-1900) /
_cStefan Zweig ; traduit de l'allemand par Alzir Hella et Olivier Bournac.
260 _aParis :
_bLibrairie Stock,
_c1931 (
_eLagny :
_fE. Grevin)
300 _a171 p. ;
_c19 cm.
600 1 4 _aNietzsche, Friedrich,
_d1844-1900-
_xCrítica e interpretación
_985721
700 1 _aHella, Alzir.
_962433
700 1 _aBournac, Olivier.
_931008
852 _aES-MaACL
_jB-8689
999 _c130129
_d130129